LDR 00733naa#a2200205#i#450# 001 EN\\bibl\119829 005 20260419134757.7 011 ## _a1819-4036 100 ## _a20210226b2021####ek#y0engy0150####ca 102 ## _aRU 200 1# _aPUMPKIN SEEDS IN THE SIMULATION OF CRAFT CHEESES WITH A GIVEN FATTY ACID COMPOSITION _eJournal article 210 1# _aKrasnoyarsk _cKrasnoyarsk State Agrarian University _d2021 215 ## _a6 с. 608 ## _aJournal article _2local 675 ## _aМолоко, мясо и другие продукты животноводства. 637 _z 700 #1 _aBezrukova _gNatal'ya Petrovna 700 #1 _aStupko _gT V 700 #1 _aSorokataya _gEvgeniya Ivanovna 700 #1 _aDruzhechkova _gElena Nikolaevna 856 4# _asej.kgau.ru _u